000 00539nam a2200193Ia 4500
005 20250923145516.0
008 008 250917s9999 xx 000 0 eng d
037 _aTextual
040 _aDSWL
_beng
_cDSWL
041 _aeng
_2eng
084 _aX:9.2, N77
_qDSWL
245 0 _aPersonnel Management: The Indian Scene
_c Ed.by Y. B. Bhonsle
260 _aNew Delhi
_bDelhi S.Chand & Co.
_c1977
300 _axvi,422p.
365 _aINR
_b54
925 _g54
942 _cTEXL
_hX:9.2, N77
999 _c1452223
_d1452223